[Event "TRISTAN DA CUNHA"]
[Site "www.echecsemail.com"]
[Date "2026.01.04"]
[Round "1"]
[White "Petitlulu64"]
[Black "Mindthegap"]
[WhiteElo "1750"]
[BlackElo "1420"]
[Result "1-0"]
1.e4 e5
2.Ng1f3 Nb8c6
3.Nb1c3 Ng8f6
4.Bf1c4 Nf6xe4
5.Bc4d5 Ne4xc3
6.dxc3 Bf8d6
7.O-O b6
8.Bc1g5 f6
9.Bg5h4 g5
10.Bh4g3 g4
11.Nf3d2 h5
12.f3 h4
13.Bg3e1 g3
14.h3 Bd6c5
15.Kh1 d6
16.Bd5xc6 Kf7
17.Nd2e4 Bc8xh3
18.gxh3 g2
19.Kxg2 Rh8g8
20.Kh2 d5
21.Bc6xd5 Kf8
22.Bd5xg8 { abandon }1-0

[Event "XERTIGNY  VOSGES"]
[Site "www.echecsemail.com"]
[Date "2026.01.04"]
[Round "1"]
[White "4x4"]
[Black "Mindthegap"]
[WhiteElo "1460"]
[BlackElo "1500"]
[Result "0-1"]
1.e4 e5
2.Ng1f3 Ng8f6
3.Bf1c4 Nf6xe4
4.d3 Ne4c5
5.Nf3xe5 d5
6.Bc4b3 Bf8d6
7.f4 Nc5xb3
8.axb3 Qd8h4
9.Kd2 Qh4xf4
10.Kc3 Qf4b4
0-1

[Event "XERTIGNY  VOSGES"]
[Site "www.echecsemail.com"]
[Date "2026.01.04"]
[Round "1"]
[White "Mindthegap"]
[Black "Intrigue"]
[WhiteElo "1500"]
[BlackElo "1720"]
[Result "1-0"]
1.e4 e5
2.Ng1f3 Ng8f6
3.Bf1c4 Nf6xe4
4.Nb1c3 Ne4xc3
5.dxc3 d6
6.Nf3g5 Bc8e6
7.Bc4xe6 fxe6
8.Qd1f3 Qd8f6
9.Qf3xb7 Qf6xg5
10.Bc1xg5 { abandon }1-0

[Event "Défi( 10J+24H/c 10J Max )"]
[Site "www.echecsemail.com"]
[Date "2026.01.04"]
[Round "1"]
[White "Uji40"]
[Black "Hberlioz"]
[WhiteElo "1650"]
[BlackElo "1680"]
[Result "0-1"]
1.e4 e5
2.Ng1f3 Nb8c6
3.Bf1b5 Ng8f6
4.O-O Bf8c5
5.c3 d6
6.d4 exd4
7.cxd4 a6
8.dxc5 axb5
9.cxd6 cxd6
10.Rf1e1 Bc8e6
11.Nb1c3 O-O
12.e5 dxe5
13.Bc1g5 Qd8xd1
14.Re1xd1 Be6g4
15.Rd1d2 Bg4xf3
16.gxf3 Nc6d4
17.Ra1d1 Nd4xf3
18.Kg2 Nf3xd2
19.Rd1xd2 b4
20.Nc3b5 Nf6e4
{ abandon }0-1

[Event "XERTIGNY  VOSGES"]
[Site "www.echecsemail.com"]
[Date "2026.01.04"]
[Round "1"]
[White "Intrigue"]
[Black "Mindthegap"]
[WhiteElo "1720"]
[BlackElo "1500"]
[Result "0-1"]
1.e4 e5
2.Ng1f3 Ng8f6
3.Bf1c4 Nf6xe4
4.Nf3xe5 d5
5.Bc4b3 Qd8g5
6.Ne5xf7 Qg5xg2
7.Bb3xd5 Qg2xf2
0-1

[Event "VIC LA GARDIOLE"]
[Site "www.echecsemail.com"]
[Date "2026.01.04"]
[Round "1"]
[White "Tartu"]
[Black "Patau"]
[WhiteElo "1690"]
[BlackElo "1660"]
[Result "1/2-1/2"]
1.e4 e5
2.Ng1f3 Nb8c6
3.Nb1c3 Ng8f6
4.d4 exd4
5.Nf3xd4 Bf8b4
6.Nd4xc6 bxc6
7.Bf1d3 d5
8.exd5 Qd8xd5
9.Qd1e2 Bc8e6
10.O-O Bb4xc3
11.bxc3 O-O
12.Bc1e3 Qd5h5
13.Qe2xh5 Nf6xh5
14.h3 Rf8e8
15.Ra1e1 Nh5f6
16.Be3d4 Be6xa2
17.Re1xe8 Nf6xe8
18.Rf1a1 Ba2e6
19.Ra1xa7 Ra8xa7
20.Bd4xa7 Ne8d6
21.Ba7b8 Nd6b5
22.c4 Nb5d6
23.Bb8xc7 Nd6xc4
24.Bd3e4 Be6d5
25.Be4d3 f6
26.f3 Kf7
27.g4 Nc4e3
28.c3 Ne3d1
29.c4 Bd5xf3
30.c5 Nd1b2
31.Bd3a6 Nb2a4
32.Bc7d6 Ke6
33.Ba6c4 Kd7
34.Bc4g8 h5
35.gxh5 Bf3xh5
36.h4 g5
37.hxg5 fxg5
38.Bg8b3 { nul }1/2-1/2

[Event "Tournoi n27357"]
[Site "www.echecsemail.com"]
[Date "2026.01.04"]
[Round "1"]
[White "Mokanne"]
[Black "4x4"]
[WhiteElo "1450"]
[BlackElo "1480"]
[Result "0-1"]
1.e4 e5
2.g4 d6
3.h3 Nb8c6
4.Bf1b5 Bc8d7
5.c3 a6
6.Bb5c4 Ng8f6
7.Qd1f3 b5
8.Bc4b3 Nc6a5
9.Bb3c2 c5
10.d3 c4
11.Bc1e3 cxd3
12.Bc2xd3 Na5c4
13.Bd3xc4 bxc4
14.Nb1d2 Bd7b5
15.Ng1e2 Nf6d7
16.O-O f6
17.a3 Nd7c5
18.Be3xc5 dxc5
19.a4 Bb5c6
20.Nd2xc4 Qd8e7
21.Ne2g3 Qe7f7
22.Ng3f5 Qf7xc4
23.Rf1e1 O-O-O
24.Qf3e2 Qc4xe2
25.Re1xe2 g6
26.Nf5g3 Kb7
27.c4 Bf8g7
28.b3 Rd8d4
29.f3 Rh8d8
30.Kf1 Rd4d3
31.Re2f2 Rd3xb3
32.Ng3e2 Rd8d3
33.Kg2 Bg7h6
34.Rf2f1 Rb3b2
35.Ra1b1 Rd3b3
36.Rb1xb2 Rb3xb2
37.Rf1a1 Rb2xe2
38.Kf1 Re2e3
39.Ra1b1 Ka7
40.a5 Re3xf3
41.Kg1 Bc6xe4
42.Rb1e1 Rf3xh3
43.Re1xe4 Bh6e3
44.Kg2 Rh3h4
45.Re4xe3 Rh4xg4
46.Kh3 Rg4xc4
47.Re3a3 f5
48.Kg2 Rc4b4
49.Kf2 Rb4b5
50.Ra3a4 Rb5b4
51.Ra4a3 c4
52.Ke2 Rb4b3
53.Ra3a2 Rb3h3
54.Kf1 e4
55.Ra2c2 c3
56.Kg2 Rh3d3
57.Kf2 Rd3d2
58.Rc2xd2 cxd2
59.Ke2 Kb7
60.Kxd2 Kc6
{ abandon }0-1

[Event "ON THE ROAD AGAIN"]
[Site "www.echecsemail.com"]
[Date "2026.01.04"]
[Round "1"]
[White "Petitlulu64"]
[Black "Mindthegap"]
[WhiteElo "1750"]
[BlackElo "1420"]
[Result "1-0"]
1.e4 e5
2.Ng1f3 Ng8f6
3.Bf1c4 Nf6xe4
4.Qd1e2 d5
5.Bc4b3 Nb8c6
6.d3 Ne4c5
7.O-O Nc5xb3
8.axb3 f6
9.Nf3d2 Bc8e6
10.Nb1c3 Qd8d7
11.Nc3a4 Bf8e7
12.c3 O-O-O
13.b4 d4
14.Na4c5 Be7xc5
15.bxc5 Be6d5
16.c4 Bd5e6
17.b3 h5
18.Bc1a3 Rh8h6
19.Nd2e4 Rh6g6
20.b4 Be6g4
21.f3 Bg4f5
22.Ra1b1 Bf5h3
23.Ne4g3 Bh3e6
24.Qe2e4 Be6f5
25.Qe4e2 Rd8h8
26.b5 Nc6e7
27.c6 bxc6
28.Ba3xe7 h4
29.Ng3xf5 h3
30.Nf5g3 Rg6xg3
31.Rf1f2 hxg2
32.Rf2xg2 Qd7h3
33.Rg2xg3 e4
34.Rg3xh3 Rh8xh3
35.fxe4 { abandon }1-0

[Event "Défi"]
[Site "www.echecsemail.com"]
[Date "2026.01.04"]
[Round "1"]
[White "Elghribi"]
[Black "Lancov"]
[WhiteElo "1930"]
[BlackElo "1920"]
[Result "1-0"]
1.e4 d6
2.d4 Ng8f6
3.Bf1d3 g6
4.Ng1f3 Bf8g7
5.O-O c6
6.Rf1e1 Bc8g4
7.h3 Bg4xf3
8.Qd1xf3 Nb8d7
9.Nb1d2 a6
10.c3 O-O
11.Nd2f1 b5
12.Bc1g5 c5
13.Qf3e3 e5
14.d5 Qd8e8
15.Nf1g3 Kh8
16.Bg5h6 c4
17.Bd3c2 Nd7c5
18.Bh6xg7 Kxg7
19.Qe3g5 h6
20.Ng3f5 Kg8
21.Nf5xh6 Kh7
22.Nh6g4 Nf6xg4
23.hxg4 Kg7
24.f3 Rf8h8
25.Kf2 Qe8f8
26.Re1h1 f6
27.Qg5e3 g5
28.g3 Kf7
29.f4 Qf8g7
30.f5 Rh8h7
31.Rh1h5 Ra8h8
32.Ra1h1 Rh7h6
33.b4 cxb3
34.axb3 a5
35.b4 Rh6xh5
36.Rh1xh5 axb4
37.cxb4 Nc5a4
38.Qe3a7 Kg8
39.Qa7b8 { abandon }1-0

[Event "Défi"]
[Site "www.echecsemail.com"]
[Date "2026.01.04"]
[Round "1"]
[White "Arno"]
[Black "Khamis"]
[WhiteElo "1780"]
[BlackElo "1830"]
[Result "1-0"]
1.d4 d5
2.Ng1f3 Ng8f6
3.Bc1f4 e6
4.e3 c5
5.c3 Nb8c6
6.Bf1d3 Bf8e7
7.Nb1d2 O-O
8.O-O Nf6h5
9.Bf4g3 Nh5xg3
10.hxg3 Qd8c7
11.Ra1c1 f5
12.Bd3b1 c4
13.Nf3h2 Be7g5
14.Qd1h5 Qc7e7
15.g4 g6
16.Qh5h3 e5
17.Nd2f3 e4
18.Nf3xg5 Qe7xg5
19.Qh3g3 f4
20.exf4 Rf8xf4
21.f3 h5
22.fxe4 Rf4xf1
23.Rc1xf1 Bc8xg4
24.Nh2xg4 Qg5xg4
25.Qg3xg4 hxg4
26.exd5 Nc6e7
27.d6 Ne7f5
28.Bb1xf5 gxf5
29.Rf1xf5 Kh7
30.Rf5f7 Kg6
31.Rf7xb7 Kf6
32.d7 Ke7
33.Kf2 a5
34.Kg3 Ra8d8
35.Kxg4 Rd8xd7
36.Rb7xd7 Kxd7
37.Kf5 a4
38.Ke5 Kc6
39.g4 Kd7
40.g5 Ke7
41.g6 { abandon }1-0

[Event "Memorial Lara CIII"]
[Site "www.echecsemail.com"]
[Date "2026.01.04"]
[Round "1"]
[White "Orosco"]
[Black "Karkaskat"]
[WhiteElo "2270"]
[BlackElo "2100"]
[Result "1-0"]
1.e4 c5
2.Ng1f3 d6
3.d4 cxd4
4.Nf3xd4 Ng8f6
5.Nb1c3 g6
6.Bf1e2 Bf8g7
7.O-O O-O
8.Bc1e3 Nb8c6
9.Nd4b3 a6
10.f4 b5
11.Be2f3 Ra8b8
12.e5 { abandon }1-0

[Event "Amical( 10J+24H/c 10J Max )"]
[Site "www.echecsemail.com"]
[Date "2026.01.04"]
[Round "1"]
[White "Mainecoon"]
[Black "Tichaton"]
[WhiteElo "2059"]
[BlackElo "1340"]
[Result "1-0"]
1.e4 c5
2.c3 d6
3.d4 Nb8c6
4.Bc1e3 e5
5.d5 Nc6e7
6.c4 Ng8f6
7.Nb1c3 Qd8a5
8.Bf1d3 Ne7g6
9.Ng1e2 Bc8g4
10.Qd1c2 Bf8e7
11.O-O Ng6h4
12.Rf1b1 O-O
13.a3 Nf6h5
14.b4 Qa5d8
15.Qc2d2 Nh5f4
16.Be3xf4 Rf8e8
17.Bf4e3 Qd8d7
18.Ne2g3 Bg4f3
19.Bd3f1 Qd7g4
20.h3 Qg4g6
21.bxc5 b6
22.cxb6 axb6
23.Rb1xb6 Bf3xe4
24.Nc3xe4 Nh4f5
25.Ng3xf5 Qg6xf5
26.Bf1d3 f6
27.Ne4xd6 Qf5h5
28.Nd6xe8 Ra8xe8
29.Ra1b1 Be7xa3
30.Rb6b8 Ba3d6
31.Rb8xe8 Qh5xe8
32.c5 e4
33.Bd3e2 Bd6e5
34.d6 { abandon }1-0

[Event "Eq:Fair play-Royal Kids :"]
[Site "www.echecsemail.com"]
[Date "2026.01.04"]
[Round "1"]
[White "Rv60"]
[Black "Pgo"]
[WhiteElo "2150"]
[BlackElo "1720"]
[Result "1-0"]
1.d4 d5
2.c4 e6
3.Nb1c3 Bf8b4
4.cxd5 Qd8xd5
5.Qd1a4 Nb8c6
6.Bc1d2 Bb4xc3
7.bxc3 Bc8d7
8.Qa4c2 Ng8f6
9.Ng1f3 O-O
10.e3 a6
11.c4 Qd5e4
12.Qc2b2 b6
13.Bf1e2 a5
14.O-O h6
15.Ra1d1 Qe4h7
16.d5 exd5
17.Bd2c3 Bd7g4
18.Bc3xf6 gxf6
19.cxd5 Nc6b4
20.a3 Qh7c2
21.Qb2xf6 Qc2g6
22.Qf6xg6 fxg6
23.axb4 axb4
24.d6 cxd6
25.Rd1xd6 Bg4xf3
26.Be2xf3 Ra8d8
27.Rd6xg6 Kh7
28.Bf3e4 h5
29.Rg6xb6 Kh8
30.Rb6xb4 Rd8d2
31.Rb4d4 Rd2xd4
32.exd4 Kg7
33.Rf1d1 Rf8d8
34.f4 Kf6
35.d5 h4
36.g4 hxg3
37.hxg3 Ke7
38.g4 Kf6
39.g5 Kg7
40.Kf2 Kf7
41.f5 Rd8b8
42.Kf3 { abandon }1-0

[Event "ON THE ROAD AGAIN"]
[Site "www.echecsemail.com"]
[Date "2026.01.04"]
[Round "1"]
[White "Mindthegap"]
[Black "Petitlulu64"]
[WhiteElo "1420"]
[BlackElo "1750"]
[Result "0-1"]
1.e4 e5
2.Ng1f3 Ng8f6
3.Bf1c4 Bf8d6
4.Nb1c3 O-O
5.Nf3g5 Nb8c6
6.d3 Bd6e7
7.a3 Nc6d4
8.Ng5f3 Be7c5
9.Nf3xd4 Bc5xd4
10.Nc3d5 Nf6xd5
11.Bc4xd5 c6
12.Bd5a2 d5
13.exd5 cxd5
14.O-O Bc8e6
15.Rf1e1 f6
16.c3 Bd4b6
17.d4 e4
18.f4 Be6f5
19.h3 Rf8e8
20.g4 Bf5d7
21.f5 Bd7b5
22.h4 Bb5d3
23.Bc1e3 Qd8d6
24.h5 Qd6g3
{ abandon }0-1

[Event "VIC LA GARDIOLE"]
[Site "www.echecsemail.com"]
[Date "2026.01.04"]
[Round "1"]
[White "Tartu"]
[Black "Woluwe1975"]
[WhiteElo "1690"]
[BlackElo "1620"]
[Result "1-0"]
1.e4 e5
2.Ng1f3 Nb8c6
3.Nb1c3 Ng8f6
4.d4 exd4
5.Nf3xd4 Bf8c5
6.Bc1e3 d6
7.Nd4xc6 bxc6
8.Be3xc5 dxc5
9.Qd1xd8 Kxd8
10.Bf1c4 Bc8e6
11.Bc4xe6 fxe6
12.O-O-O Ke7
13.h3 Rh8d8
14.Rd1xd8 Ra8xd8
15.b3 e5
16.f3 h6
17.Rh1d1 Rd8xd1
18.Kxd1 g5
19.Ke2 Kd7
20.Kd3 Nf6h5
21.Kc4 Nh5f4
22.Kxc5 Nf4xg2
23.Nc3e2 Ng2e3
24.c4 h5
25.a4 g4
26.fxg4 hxg4
27.h4 g3
28.Ne2xg3 Ne3g4
29.h5 Ng4h6
30.Ng3f5 Nh6f7
31.h6 Ke6
32.Kxc6 Kf6
33.Kxc7 { abandon }1-0

[Event "Tournoi n27058"]
[Site "www.echecsemail.com"]
[Date "2026.01.04"]
[Round "1"]
[White "Jlr"]
[Black "Daingni"]
[WhiteElo "1420"]
[BlackElo "1600"]
[Result "0-1"]
1.e4 e5
2.Ng1f3 d6
3.d3 Bc8g4
4.Bc1g5 f6
5.Bg5e3 Bg4xf3
6.Qd1xf3 Nb8c6
7.Nb1c3 Ng8h6
8.Nc3d5 Nc6e7
9.Be3xh6 gxh6
10.Bf1e2 Ne7g6
11.Nd5xf6 Ke7
12.Nf6d5 Kd7
13.Qf3g4 Kc6
14.Nd5b4 Kb5
15.a3 Kb6
16.Nb4d5 Ka5
17.b4 Ka6
18.d4 b5
19.a4 Kb7
20.axb5 exd4
21.O-O Bf8g7
22.c4 d3
23.Be2xd3 Qd8g5
24.Qg4xg5 hxg5
25.g3 Bg7xa1
26.Rf1xa1 Ng6e5
27.Bd3e2 Rh8f8
28.Nd5e7 Ra8e8
29.Ne7d5 Ne5f3
30.Kg2 g4
31.h3 Re8xe4
32.Be2xf3 gxh3
33.Kxh3 Rf8xf3
34.Ra1a2 Re4xc4
35.Kg2 Rf3f8
36.Nd5e7 Rc4xb4
37.Ra2a5 Rb4g4
38.f3 Rg4g7
39.Ne7d5 h5
40.f4 h4
41.b6 Rg7xg3
42.Kf2 axb6
43.Ra5a4 c6
44.Nd5e7 Rg3g4
45.Kf3 Rg4g3
46.Ke4 Rf8e8
47.Kf5 Re8xe7
48.Kf6 Re7c7
49.Ke6 h3
50.f5 Rg3e3
51.Kxd6 h2
52.Ra4h4 Re3e2
53.f6 c5
54.Kd5 c4
55.Kd4 c3
56.Kd3 Re2f2
57.Ke3 Rf2xf6
58.Rh4xh2 c2
59.Rh2xc2 Rc7xc2
60.Kd3 Rc2c8
61.Kd4 Rf6d6
62.Ke5 Rd6d1
63.Ke6 Rc8e8
64.Kf7 Re8e2
65.Kf6 Rd1f1
66.Kg5 Re2g2
67.Kh4 Rf1h1
0-1

[Event "Coupe Niveau 2"]
[Site "www.echecsemail.com"]
[Date "2026.01.04"]
[Round "1"]
[White "Intrigue"]
[Black "Nbelnico"]
[WhiteElo "1750"]
[BlackElo "1730"]
[Result "0-1"]
1.d4 d5
2.c4 dxc4
3.e3 b5
4.a4 c6
5.Nb1c3 Bc8d7
6.Ng1f3 e6
7.Nf3e5 Ng8f6
8.Qd1f3 Bf8b4
9.axb5 Bb4xc3
10.bxc3 Qd8b6
11.bxc6 Nb8xc6
12.Ne5xd7 Nf6xd7
13.Bf1xc4 O-O
14.O-O Ra8c8
15.Bc1d2 e5
16.d5 Nc6e7
17.Bc4e2 Nd7f6
18.e4 Ne7g6
19.Rf1b1 Qb6c5
20.Rb1b5 Qc5c7
21.Ra1b1 a6
22.Rb5b7 Qc7d8
23.h3 Nf6d7
24.Be2xa6 Nd7c5
25.Rb7a7 Rc8b8
26.Qf3d1 Nc5xe4
27.Bd2e1 Qd8d6
28.Rb1xb8 Qd6xb8
29.Ra7b7 Qb8d6
30.Ba6d3 Qd6xd5
31.Rb7b5 Qd5c6
32.c4 Ng6f4
33.Rb5xe5 Ne4c3
34.Qd1g4 Nf4xd3
35.Re5e3 Nd3xe1
36.Re3xe1 Nc3a4
37.Re1a1 Rf8b8
38.g3 Na4c3
39.Qg4f4 Nc3e2
{ abandon }0-1

[Event "VIC LA GARDIOLE"]
[Site "www.echecsemail.com"]
[Date "2026.01.04"]
[Round "1"]
[White "Woluwe1975"]
[Black "Orosco"]
[WhiteElo "1620"]
[BlackElo "2280"]
[Result "1-0"]
1.e4 e5
2.Ng1f3 Nb8c6
3.Nb1c3 Ng8f6
4.d4 exd4
5.Nc3d5 Bf8e7
6.Nf3xd4 Nf6xd5
7.exd5 Nc6xd4
8.Qd1xd4 Be7f6
9.Qd4e3 Qd8e7
10.Bf1d3 Qe7xe3
11.fxe3 d6
12.c4 O-O
13.O-O b6
14.Ra1b1 Rf8e8
15.b4 Bf6g5
16.Rf1e1 Bg5f6
17.b5 a6
18.a4 a5
19.Bc1a3 Bc8g4
20.h3 Bg4d7
21.g4 Re8e5
22.Ba3b2 Re5e7
23.Bb2c1 Bf6h4
24.Re1f1 Ra8e8
25.e4 g5
26.Rf1f6 Bh4g3
27.Bc1xg5 Bg3e5
28.Rf6f3 f6
29.Bg5h4 Re7g7
30.Bh4xf6 Be5xf6
31.Rf3xf6 h5
32.Kf2 hxg4
33.h4 Re8e5
34.Kg3 Re5h5
35.Rb1f1 Kh8
36.Rf6f8 Rg7g8
37.Rf8f7 Bd7c8
38.Rf7xc7 Rh5h7
39.Rf1f7 Rh7xf7
40.Rc7xf7 Rg8g7
41.Rf7f6 Rg7d7
42.h5 { abandon }1-0

[Event "Tournoi échelle division 1"]
[Site "www.echecsemail.com"]
[Date "2026.01.04"]
[Round "1"]
[White "Pgo"]
[Black "Tahar"]
[WhiteElo "1720"]
[BlackElo "2010"]
[Result "0-1"]
1.e4 e5
2.Ng1f3 Ng8f6
3.d3 Nb8c6
4.Bf1e2 h6
5.O-O Bf8c5
6.Nb1c3 d6
7.h3 Nc6e7
8.a3 c6
9.b4 Bc5b6
10.a4 a5
11.b5 Bc8d7
12.Bc1b2 Ne7g6
13.h4 Ng6f4
14.d4 exd4
15.Nf3xd4 cxb5
16.Nd4xb5 Nf4xe2
17.Qd1xe2 Bb6c5
18.Nc3d5 O-O
19.Bb2xf6 gxf6
20.Qe2f3 f5
21.exf5 Qd8xh4
22.Rf1e1 Rf8e8
23.Re1xe8 Ra8xe8
24.Nb5c7 Re8e5
25.Qf3g4 Qh4xg4
26.Nd5f6 Kg7
27.Nf6xg4 Re5xf5
28.Ra1e1 h5
29.Ng4e3 Bc5xe3
30.Re1xe3 Rf5c5
31.Nc7e8 Bd7xe8
32.Re3xe8 Rc5xc2
33.Re8e4 Kg6
34.g3 Rc2b2
35.Re4e7 Rb2b4
36.Re7d7 Rb4xa4
37.Rd7xb7 Ra4b4
38.Rb7a7 a4
39.Kg2 d5
40.Ra7a5 d4
41.Kf3 f5
42.Kf4 d3
43.Ke3 Rb4e4
44.Kxd3 Kg5
45.f3 Re4b4
46.Ke2 Kf6
47.Ra5a6 Ke5
48.f4 Kd4
49.Ra6d6 Kc4
50.Rd6f6 a3
51.Rf6xf5 a2
52.Rf5a5 Kb3
53.Kd2 Kb2
54.Kd3 Rb4b3
55.Ke4 Rb3xg3
56.f5 Rg3g1
57.Ra5b5 Kc2
58.Rb5c5 Kd2
59.Rc5d5 Ke2
60.f6 a1Q
61.Rd5xh5 Qa1xf6
62.Rh5h2 Kf1
63.Rh2d2 Qf6e6
64.Kd3 Rg1g3
65.Kc2 Qe6b3
66.Kc1 Rg3c3
67.Rd2c2 Qb3xc2
0-1

[Event "Tournoi n27200"]
[Site "www.echecsemail.com"]
[Date "2026.01.04"]
[Round "1"]
[White "Sam94"]
[Black "Legrillon"]
[WhiteElo "1500"]
[BlackElo "1690"]
[Result "0-1"]
1.d4 d5
2.c4 e6
3.Ng1f3 Nb8c6
4.Bc1f4 Bf8d6
5.Nf3e5 Bd6xe5
6.Bf4xe5 f6
7.Be5f4 Nc6xd4
8.Qd1xd4 Qd8e7
9.Nb1c3 c5
10.Qd4d3 d4
11.g3 dxc3
12.Qd3xc3 e5
13.Bf4d2 Qe7c7
14.e3 Ng8e7
15.Bf1g2 Ra8b8
16.O-O Bc8e6
17.Qc3b3 b6
18.Ra1d1 O-O
19.Qb3c3 Be6g4
20.Rd1e1 h6
21.f3 Bg4e6
22.b3 Ne7c6
23.f4 exf4
24.exf4 Be6f5
25.Qc3f3 Nc6d4
26.Qf3d5 Kh8
27.Bd2e3 Nd4c2
28.Re1e2 Qc7c8
29.Bg2e4 Bf5xe4
30.Qd5xe4 Nc2b4
31.f5 Rf8e8
32.Qe4f3 Nb4c6
33.Be3f4 Re8xe2
34.Qf3xe2 Rb8b7
35.g4 Nc6d4
36.Qe2g2 Rb7e7
37.Bf4d6 Re7e2
38.Qg2d5 Qc8e8
39.h4 Re2e1
40.Qd5g2 Qe8e3
41.Kh2 Re1xf1
42.Qg2xf1 Nd4f3
43.Kh1 Nf3xh4
44.Bd6h2 Qe3e4
45.Kg1 Nh4f3
46.Kh1 Qe4xg4
47.Qf1e2 Qg4xf5
48.Kg2 Nf3xh2
49.Kxh2 Qf5f4
50.Kg1 Qf4g3
51.Kf1 Qg3h3
52.Ke1 Qh3g3
53.Kd2 Qg3f4
54.Ke1 Qf4e5
55.Qe2xe5 fxe5
56.Ke2 g5
57.Kf3 Kg7
58.Ke4 Kf6
59.a3 g4
60.Kd5 g3
61.Kc6 g2
62.Kb7 g1Q
63.Kxa7 Qg1b1
64.Kxb6 Qb1xb3
65.Kxc5 Qb3xa3
66.Kd5 Qa3a5
67.c5 e4
68.Kd6 e3
69.c6 Qa5e5
70.Kd7 Qe5e6
71.Kc7 e2
72.Kb7 e1Q
73.c7 Qe1b4
74.Ka8 Qe6a6
0-1

[Event "Transval 2"]
[Site "www.echecsemail.com"]
[Date "2026.01.04"]
[Round "1"]
[White "Woluwe1975"]
[Black "4x4"]
[WhiteElo "1630"]
[BlackElo "1460"]
[Result "1-0"]
1.e4 e5
2.Nb1c3 d6
3.Ng1f3 Nb8c6
4.Bf1c4 Bc8e6
5.Nc3d5 Be6xd5
6.Bc4xd5 Ng8e7
7.Bd5b3 Ne7g6
8.d4 Nc6xd4
9.Nf3xd4 exd4
10.Qd1xd4 c5
11.Qd4d5 Ra8b8
12.Qd5xf7 1-0

[Event "CC Dec25 Asc(2/2)"]
[Site "www.echecsemail.com"]
[Date "2026.01.04"]
[Round "1"]
[White "Pgo"]
[Black "Nbelnico"]
[WhiteElo "1700"]
[BlackElo "1780"]
[Result "1-0"]
1.e4 e5
2.Bf1c4 h6
3.Ng1f3 d6
4.d3 Ng8f6
5.O-O Bf8e7
6.Nb1c3 c6
7.h3 O-O
8.a3 b5
9.Bc4a2 Bc8b7
10.Bc1e3 d5
11.exd5 cxd5
12.Be3d2 e4
13.dxe4 dxe4
14.Nf3h2 Qd8d6
15.Qd1e2 Qd6c6
16.Bd2e3 Nb8d7
17.Ra1d1 a5
18.Qe2xb5 Qc6xb5
19.Rd1b1 Bb7a6
20.Rf1e1 Qb5e5
21.Rb1d1 Be7d6
22.f4 Qe5h5
23.Rd1xd6 Ra8b8
24.Rd6xa6 Rb8xb2
25.Ba2b3 Nd7b8
26.Ra6d6 Nb8d7
27.Nh2g4 Nf6xg4
28.Rd6xd7 Ng4f6
29.Rd7d4 Rf8c8
30.Nc3a4 Qh5f5
31.Na4xb2 Nf6h5
32.Rd4d5 Qf5g6
33.Rd5xa5 Nh5f6
34.f5 Qg6h5
35.Nb2c4 Rc8d8
36.Be3b6 Rd8e8
37.Nc4d6 Re8b8
38.Bb3xf7 Kh8
39.Bf7xh5 Nf6xh5
40.Bb6c7 Rb8b2
41.Ra5a8 Kh7
42.Nd6f7 Rb2xc2
43.Ra8h8 1-0

[Event "Défi"]
[Site "www.echecsemail.com"]
[Date "2026.01.04"]
[Round "1"]
[White "Kerenor"]
[Black "Gambitmiau"]
[WhiteElo "1570"]
[BlackElo "1340"]
[Result "0-1"]
1.e4 Nb8c6
2.Ng1f3 d6
3.h3 e5
4.a3 Ng8f6
5.Nb1c3 Bf8e7
6.Bf1c4 O-O
7.d3 Nc6a5
8.Bc4a2 Nf6h5
9.Bc1d2 Be7g5
10.Bd2xg5 Qd8e8
11.d4 Bc8e6
12.d5 Be6d7
13.Bg5d2 c6
14.dxc6 Bd7xc6
15.Nf3h2 Bc6d7
16.Qd1xh5 Bd7e6
17.Nc3d5 Be6xd5
18.Ba2xd5 g6
19.Qh5h6 Qe8b5
20.O-O-O Ra8c8
21.Bd2g5 Qb5e2
22.Bg5f6 Qe2xc2
0-1

[Event "Défi( 10J+24H/c 10J Max )"]
[Site "www.echecsemail.com"]
[Date "2026.01.04"]
[Round "1"]
[White "Minon"]
[Black "Poison"]
[WhiteElo "1930"]
[BlackElo "1100"]
[Result "1-0"]
1.e4 e5
2.Ng1f3 Ng8f6
3.Nb1c3 Bf8b4
4.Qd1e2 Bb4xc3
5.bxc3 Nb8c6
6.Bc1b2 Qd8e7
7.O-O-O O-O
8.d4 exd4
9.cxd4 d6
10.d5 Nc6e5
11.Nf3xe5 dxe5
12.f3 Qe7d6
13.Qe2c4 Qd6b6
14.Bb2xe5 Bc8d7
15.Be5xc7 Qb6e3
16.Kb1 Rf8c8
17.d6 Qe3f4
18.Qc4d3 Qf4e5
19.Qd3d4 Qe5xd4
20.Rd1xd4 Nf6h5
21.e5 Bd7e6
22.g4 g6
23.gxh5 gxh5
24.h4 Be6f5
25.Bf1h3 Bf5g6
26.Bh3xc8 Ra8xc8
27.d7 Rc8xc7
28.d8Q Kg7
29.Qd8xc7 b5
30.e6 Kh6
31.exf7 a5
32.f8Q 1-0

[Event "Défi"]
[Site "www.echecsemail.com"]
[Date "2026.01.04"]
[Round "1"]
[White "Jerem51"]
[Black "Burgman"]
[WhiteElo "1959"]
[BlackElo "2000"]
[Result "1-0"]
1.d4 Ng8f6
2.c4 c5
3.d5 e6
4.Nb1c3 exd5
5.cxd5 d6
6.e4 g6
7.Bc1f4 Bf8g7
8.Bf1b5 Kf8
9.Ng1f3 a6
10.Bb5e2 b5
11.e5 dxe5
12.Nf3xe5 Bc8b7
13.Be2f3 Nb8d7
14.Ne5c6 Qd8e8
15.Kd2 Bb7xc6
16.dxc6 Nd7e5
17.Kc2 Ne5xc6
18.Qd1d6 Nc6e7
19.Bf3xa8 Qe8xa8
20.Rh1e1 Nf6g8
21.Nc3d5 Qa8xd5
22.Qd6b8 { abandon }1-0

[Event "Automne 2025 n1"]
[Site "www.echecsemail.com"]
[Date "2026.01.04"]
[Round "1"]
[White "Karkaskat"]
[Black "Dedechecs"]
[WhiteElo "2110"]
[BlackElo "2220"]
[Result "0-1"]
1.e4 c5
2.Nb1c3 Nb8c6
3.g3 g6
4.Bf1g2 Bf8g7
5.d3 Ng8f6
6.f4 d6
7.Ng1f3 O-O
8.O-O Bc8d7
9.Nc3e2 Ra8b8
10.h3 b5
11.g4 Qd8b6
12.c3 b4
13.Ne2g3 bxc3
14.bxc3 e6
15.g5 Nf6e8
16.Bc1d2 Ne8c7
17.Ra1b1 Qb6a6
18.Qd1c2 Nc7b5
19.a4 Nb5a3
20.Qc2a2 Na3xb1
21.Rf1xb1 Qa6xd3
22.Rb1xb8 Rf8xb8
{ abandon }0-1

[Event "Défi"]
[Site "www.echecsemail.com"]
[Date "2026.01.05"]
[Round "1"]
[White "Snarf"]
[Black "Wenoketo"]
[WhiteElo "1720"]
[BlackElo "1660"]
[Result "0-1"]
1.e4 c6
2.Nb1c3 e6
3.a3 d5
4.e5 Nb8d7
5.d4 Ng8e7
6.Bc1g5 h6
7.Bg5h4 Qd8c7
8.Ng1f3 Ne7g6
9.Bh4g3 Ra8b8
10.Bf1d3 Ng6e7
11.Qd1d2 a6
12.O-O-O b5
13.Nc3a2 Qc7b7
14.h3 c5
15.Kb1 c4
16.Bd3e2 Ne7c6
17.Rh1g1 a5
18.c3 b4
19.cxb4 axb4
20.axb4 Nc6xb4
21.Rd1c1 Nb4xa2
22.Kxa2 Rb8a8
23.Kb1 Qb7a7
24.Kc2 Qa7a4
25.Kb1 Qa4a2
26.Kc2 Bf8a3
27.Kd1 Ba3xb2
28.Bg3f4 Bb2xc1
29.Qd2xc1 Qa2a1
30.Nf3e1 Qa1xc1
31.Bf4xc1 O-O
32.Ne1c2 Bc8b7
33.Kd2 Ra8a2
34.g4 Rf8a8
35.Rg1g3 Bb7a6
36.Kd1 Ba6b5
37.Rg3c3 Bb5a4
38.Kd2 Nd7b6
39.Be2d1 Ba4xc2
40.Rc3xc2 Ra2xc2
41.Bd1xc2 Ra8a2
42.Kd1 Nb6a4
43.f4 g6
44.h4 Kg7
45.h5 gxh5
46.gxh5 Na4c3
47.Kd2 Nc3e2
48.Kd1 Ne2g3
49.Bc2b1 Ra2h2
{ abandon }0-1

[Event "Suisse Sep25 R8"]
[Site "www.echecsemail.com"]
[Date "2026.01.05"]
[Round "1"]
[White "Alizarine"]
[Black "Jasmartin"]
[WhiteElo "2530"]
[BlackElo "2120"]
[Result "1-0"]
1.e4 c5
2.Ng1f3 Nb8c6
3.d4 cxd4
4.Nf3xd4 g6
5.c4 Bf8g7
6.Bc1e3 Ng8f6
7.Nb1c3 O-O
8.Bf1e2 d6
9.O-O Bc8d7
10.f3 Nc6xd4
11.Be3xd4 Bd7c6
12.b4 b6
13.a3 Ra8c8
14.Qd1d2 a6
15.Ra1c1 Bc6b7
16.Nc3a4 Nf6d7
17.h4 Bg7xd4
18.Qd2xd4 h5
19.Rf1d1 d5
20.exd5 a5
21.bxa5 bxa5
22.c5 e5
23.dxe6 Nd7b8
24.exf7 Kh7
25.Qd4xd8 Rc8xd8
26.Rd1xd8 Rf8xd8
27.Kf2 Bb7a6
28.c6 Ba6xe2
29.Kxe2 Kg7
30.c7 Rd8c8
31.Na4b6 Rc8h8
32.c8Q Rh8xc8
33.Rc1xc8 { abandon }1-0

[Event "Défi"]
[Site "www.echecsemail.com"]
[Date "2026.01.05"]
[Round "1"]
[White "Largo"]
[Black "Epervier14"]
[WhiteElo "1240"]
[BlackElo "1240"]
[Result "1-0"]
1.d4 Ng8f6
2.Nb1c3 d5
3.Ng1f3 e6
4.Nf3e5 Bf8d6
5.f4 O-O
6.e3 a6
7.a4 Nb8c6
8.a5 b6
9.Ne5xc6 Qd8d7
10.Nc6e5 Bd6xe5
11.fxe5 Nf6e4
12.g4 Ne4xc3
13.bxc3 Bc8b7
14.g5 g6
15.h4 b5
16.Rh1h2 c6
17.Qd1f3 Qd7c7
18.Bf1d3 Qc7e7
19.Bc1a3 Qe7d7
20.Qf3f6 Ra8b8
21.Kd2 Bb7c8
22.Ra1b1 Qd7c7
23.Ba3b4 Rf8e8
24.Ke2 Bc8b7
25.Bb4c5 Qc7xa5
26.Kf3 Qa5xc3
27.Kg3 Qc3a5
28.h5 Qa5c7
29.hxg6 fxg6
30.c3 Qc7f7
31.Rh2f2 Qf7xf6
32.Rf2xf6 Kg7
33.Bc5d6 Rb8a8
34.Bd3e2 a5
35.Be2g4 a4
36.Bd6a3 Bb7a6
37.Bg4xe6 h6
38.Be6d7 Re8d8
39.Bd7e6 hxg5
40.Kg4 Rd8h8
41.Kxg5 Rh8h5
42.Kg4 Ra8f8
43.Ba3xf8 Kh7
44.Be6f7 a3
45.Rb1a1 Rh5h2
46.Ra1xa3 Rh2g2
47.Kh4 Rg2h2
48.Kg3 Rh2e2
49.Rf6f3 Re2e1
50.Ra3xa6 Re1g1
51.Kf4 Rg1c1
52.Ra6xc6 Rc1h1
53.e6 Rh1h4
54.Ke5  { temps }1-0

[Event "Eq:modesty-Pirates du Mat :"]
[Site "www.echecsemail.com"]
[Date "2026.01.05"]
[Round "1"]
[White "Eltche"]
[Black "Cobraxx10"]
[WhiteElo "2600"]
[BlackElo "2210"]
[Result "1-0"]
1.d4 e6
2.c4 f5
3.Nb1c3 Ng8f6
4.Ng1f3 Bf8e7
5.e3 O-O
6.Bf1d3 b6
7.O-O Bc8b7
8.Rf1e1 Nf6e4
9.Nf3d2 d5
10.cxd5 exd5
11.f3 Ne4xd2
12.Bc1xd2 Be7d6
13.Nc3b5 a6
14.Nb5xd6 Qd8xd6
15.Ra1c1 Nb8d7
16.Qd1c2 c5
17.Bd3xf5 g6
18.Bf5xd7 Qd6xd7
19.dxc5 bxc5
20.Qc2xc5 Ra8c8
21.Qc5d4 Rc8xc1
22.Re1xc1 Rf8c8
23.Bd2c3 Kf7
24.Qd4f6 Ke8
25.Qf6h8 Kf7
26.Qh8xh7 Ke6
27.Qh7xg6 Ke7
28.Bc3b4 Kd8
29.Qg6f6 { abandon }1-0

[Event "Défi"]
[Site "www.echecsemail.com"]
[Date "2026.01.05"]
[Round "1"]
[White "Dan84"]
[Black "Wenoketo"]
[WhiteElo "1610"]
[BlackElo "1620"]
[Result "0-1"]
1.e4 c6
2.a3 e6
3.b4 d5
4.e5 Nb8d7
5.d4 Bf8e7
6.g3 h6
7.f4 Nd7b6
8.Nb1d2 h5
9.h4 Ng8h6
10.c4 dxc4
11.Nd2xc4 Nb6xc4
12.Bf1xc4 Nh6g4
13.Ng1f3 b5
14.Bc4b3 Bc8b7
15.Bc1b2 Ra8c8
16.Qd1d3 Rc8c7
17.O-O Rc7d7
18.Rf1d1 Qd8b6
19.Ra1c1 O-O
20.Rc1c3 Rf8d8
21.f5 Ng4h6
22.fxe6 fxe6
23.Bb3c2 Kf7
24.Qd3g6 Kf8
25.Qg6h7 Rd7xd4
26.Nf3xd4 Rd8xd4
27.Qh7h8 Kf7
28.Rc3f3 Rd4f4
29.Kg2 c5
30.gxf4 Bb7xf3
31.Kxf3 cxb4
32.axb4 Be7xb4
33.Rd1d7 Bb4e7
34.Bb2d4 Qb6c6
35.Bc2e4 Qc6xd7
36.Qh8h7 Nh6f5
37.Qh7xh5 Kg8
38.Bd4f2 Qd7d1
{ abandon }0-1